<?xml version="1.0" encoding="UTF-8"?>
<collection xmlns="http://www.loc.gov/MARC21/slim">
 <record>
  <leader>05268nam a2200349 a 4500</leader>
  <controlfield tag="001">kal2854</controlfield>
  <controlfield tag="003">Gr-AtHEAL</controlfield>
  <controlfield tag="005">20160421110001.0</controlfield>
  <controlfield tag="006">m        d        </controlfield>
  <controlfield tag="008">160413s2015    gr      s           gre|c</controlfield>
  <datafield tag="020" ind1=" " ind2=" ">
   <subfield code="a">9789606032370</subfield>
  </datafield>
  <datafield tag="040" ind1=" " ind2=" ">
   <subfield code="a">GR-AtHEAL</subfield>
   <subfield code="b">gre</subfield>
   <subfield code="c">GR-AtHEAL</subfield>
  </datafield>
  <datafield tag="082" ind1="0" ind2="4">
   <subfield code="a">001.5</subfield>
   <subfield code="2">23</subfield>
  </datafield>
  <datafield tag="100" ind1="1" ind2=" ">
   <subfield code="a">Πούλος, Μάριος.</subfield>
   <subfield code="8">298</subfield>
  </datafield>
  <datafield tag="245" ind1="1" ind2="0">
   <subfield code="a">Σημασιολογική επεξεργασία της πληροφορίας</subfield>
   <subfield code="h">[Ηλεκτρονικός πόρος] </subfield>
   <subfield code="c">Πούλος, Μάριος ; Κριτικός αναγνώστης,Παπαβλασόπουλος, Σώζων ; Τεχνική επιμέλεια,Αποστόλου, Ευφροσύνη.</subfield>
  </datafield>
  <datafield tag="260" ind1=" " ind2=" ">
   <subfield code="a">Αθήνα :</subfield>
   <subfield code="b">Σύνδεσμος Ελληνικών Ακαδημαϊκών Βιβλιοθηκών,</subfield>
   <subfield code="c">c2015.</subfield>
  </datafield>
  <datafield tag="490" ind1=" " ind2=" ">
   <subfield code="a">Ακαδημαϊκά Ηλεκτρονικά Συγγράμματα και Βοηθήματα Κάλλιπος</subfield>
   <subfield code="8">40</subfield>
  </datafield>
  <datafield tag="520" ind1=" " ind2=" ">
   <subfield code="a">Το παρόν σύγγραμμα δημιουργήθηκε ώστε να καλυφθούν διδακτικές ανάγκες των φοιτητών προπτυχιακού κύκλου με προσανατολισμό την Επιστήμη της Πληροφορίας. Η στοχοθεσία των ενοτήτων ήταν να δοθεί ένας ολοκληρωμένος χάρτης περί σημασιολογίας της πληροφορίας. Σύμφωνα με τα παραπάνω δόθηκε έμφαση σε (3) τρεις τομείς. • Στο πρώτο τομέα στην εισαγωγή, περιγράφεται η έννοια της πληροφορίας και η μεθοδολογική προσέγγιση της επεξεργασίας της δηλαδή ο συντακτικός και ο στατιστικός, ενώ στο πρώτο κεφάλαιο αναπτύσσονται οι ισχύουσες πρακτικές ανάκτησής της.• Στο δεύτερο τομέα και ειδικότερα στο κεφάλαιο (2) γίνεται μια εκτενής αναφορά στη συντακτική επεξεργασία της πληροφορίας και ειδικότερα επί θεμάτων τεχνολογιών της πληροφορίας όπως σχημάτων μεταδεδομένων, μηχανισμού εξαγωγής συμπερασμάτων, μηχανών αναζήτησης με χρήση σημασιολογικών γλωσσών και τη θεμελιώδη ανάπτυξη συλλογιστικής και συμπερασματικής των μηχανών. Επίσης στο τέταρτο (4ο) κεφάλαιο παρουσιάζεται εκτενώς η έννοια της οντολογίας ως επίσης και οι γλώσσες γραφής της οντολογίας. • Στον τρίτο τομέα και συγκεκριμένα στο τρίτο (3ο) κεφάλαιο αναπτύσσονται τομείς που a priori επιλύουν γλωσσικά διαλειτουργικά προβλήματα στις μεθοδολογίες της συντακτικής επεξεργασίας της πληροφορίας και αυτοί είναι οι η υπολογιστική και η ποσοτική γλωσσολογία.• Τέλος στον τρίτο τομέα και ειδικότερα στα κεφάλαια (5) πέντε και (6) έξι αναπτύσσονται αντιπροσωπευτικές ταξινομικές μεθοδολογίες της πληροφορίας με στατιστική προσέγγιση ακολουθούμενες από τις αντίστοιχες εφαρμογές.</subfield>
  </datafield>
  <datafield tag="650" ind1=" " ind2="0">
   <subfield code="a">Computational linguistics</subfield>
   <subfield code="8">1806</subfield>
  </datafield>
  <datafield tag="650" ind1=" " ind2="0">
   <subfield code="a">Artificial intelligence</subfield>
   <subfield code="8">2017</subfield>
  </datafield>
  <datafield tag="653" ind1=" " ind2=" ">
   <subfield code="a">Συνδεδεμένα δεδομένα</subfield>
  </datafield>
  <datafield tag="653" ind1=" " ind2=" ">
   <subfield code="a">Ανοικτά συνδεδεμένα δεδομένα</subfield>
  </datafield>
  <datafield tag="653" ind1=" " ind2=" ">
   <subfield code="a">Σημασιολογικός ιστός</subfield>
  </datafield>
  <datafield tag="653" ind1=" " ind2=" ">
   <subfield code="a">Οικονομικές επιστήμες</subfield>
   <subfield code="a">Διοίκηση επιχειρήσεων και οικονομικά των επιχειρήσεων, μάρκετινγκ, λογιστική</subfield>
   <subfield code="a">Διοίκηση βιβλιοθηκών/Κέντρων πληροφόρησης</subfield>
  </datafield>
  <datafield tag="653" ind1=" " ind2=" ">
   <subfield code="a">Οικονομικές επιστήμες</subfield>
   <subfield code="a">Διοίκηση επιχειρήσεων και οικονομικά των επιχειρήσεων, μάρκετινγκ, λογιστική</subfield>
   <subfield code="a">Βιβλιοθηκονομία και αρχειονομία</subfield>
  </datafield>
  <datafield tag="653" ind1=" " ind2=" ">
   <subfield code="a">Οικονομικές επιστήμες</subfield>
   <subfield code="a">Μικροοικονομική</subfield>
   <subfield code="a">Πληροφορία, γνώση και αβεβαιότητα</subfield>
  </datafield>
  <datafield tag="700" ind1="1" ind2=" ">
   <subfield code="a">Παπαβλασόπουλος, Σώζων</subfield>
   <subfield code="e">Κριτικός αναγνώστης</subfield>
   <subfield code="8">299</subfield>
  </datafield>
  <datafield tag="856" ind1="4" ind2="0">
   <subfield code="u">http://hdl.handle.net/11419/2854</subfield>
   <subfield code="z">Πλήρες Κείμενο - Full text</subfield>
  </datafield>
  <datafield tag="907" ind1=" " ind2=" ">
   <subfield code="a">.b25681035</subfield>
   <subfield code="b">12-06-18</subfield>
   <subfield code="c">29-07-16</subfield>
  </datafield>
  <datafield tag="949" ind1=" " ind2=" ">
   <subfield code="0">0</subfield>
   <subfield code="1">0</subfield>
   <subfield code="2">ddc</subfield>
   <subfield code="4">0</subfield>
   <subfield code="6">001_500000000000000_ΠΟΥ</subfield>
   <subfield code="7">0</subfield>
   <subfield code="8">KALL</subfield>
   <subfield code="8">862</subfield>
   <subfield code="d">2016-04-13</subfield>
   <subfield code="r">2016-04-13</subfield>
   <subfield code="w">2016-04-13</subfield>
   <subfield code="z">001.5 ΠΟΥ</subfield>
   <subfield code="o">SEAB KALLIPOS</subfield>
  </datafield>
  <datafield tag="998" ind1=" " ind2=" ">
   <subfield code="a">80</subfield>
   <subfield code="a">01</subfield>
   <subfield code="a">02</subfield>
   <subfield code="a">03</subfield>
   <subfield code="a">04</subfield>
   <subfield code="a">05</subfield>
   <subfield code="a">06</subfield>
   <subfield code="a">07</subfield>
   <subfield code="a">08</subfield>
   <subfield code="a">09</subfield>
   <subfield code="a">10</subfield>
   <subfield code="a">11</subfield>
   <subfield code="a">12</subfield>
   <subfield code="a">13</subfield>
   <subfield code="a">14</subfield>
   <subfield code="a">15</subfield>
   <subfield code="a">16</subfield>
   <subfield code="a">17</subfield>
   <subfield code="a">18</subfield>
   <subfield code="a">19</subfield>
   <subfield code="a">20</subfield>
   <subfield code="a">21</subfield>
   <subfield code="a">22</subfield>
   <subfield code="a">23</subfield>
   <subfield code="a">24</subfield>
   <subfield code="a">25</subfield>
   <subfield code="a">26</subfield>
   <subfield code="b">22-05-17</subfield>
   <subfield code="c">m</subfield>
   <subfield code="d">z  </subfield>
   <subfield code="e">-</subfield>
   <subfield code="f">gre</subfield>
   <subfield code="g">gr </subfield>
   <subfield code="h">0</subfield>
  </datafield>
  <datafield tag="942" ind1=" " ind2=" ">
   <subfield code="2">ddc</subfield>
   <subfield code="c">KALLIPOS</subfield>
  </datafield>
 </record>
</collection>
